000 00829nam0a22002411 4500
001 rc\456001
005 20250621092226.0
010 _a5-02-008436-0
_98800
035 _a(NLR Aleph) 005700669
090 _a7273966
_c7273966
100 _a20030616d1988 |||y0rusy50 ca
101 0 _arus
102 _aRU
105 _ay |||||||||
200 1 _aНа охране тыла страны
_eИстребит. батальоны и полки в Великой Отеч. войне, 1941-1945
_fОтв. ред. А.В. Басов
_gАН СССР, Отд-ние истории
210 _aМ.
_cНаука
_d1988
215 _a254, [2] с.
_d21
700 1 _aБиленко
_bС.В.
_gСемен Владимирович
801 0 _aRU
_bNLR
_gpsbo
801 1 _aRU
_bELAR
_2rusmarc
852 _aNLR
_j88-3/9048
942 _cBOOK
980 _aNB